[Event "36 Open Internacional Ciudad de San Seba"]
[Site "Donostia-San Sebastian"]
[Date "2013.03.27"]
[Round "6"]
[White "Sanchez Ruesga, Hector"]
[Black "Andres Gonzalez, Ivan"]
[Result "0-1"]
[WhiteElo "1989"]
[BlackElo "2331"]
[PlyCount "25"]
[EventDate "2013.03.23"]
[EventRounds "9"]
[EventCountry "ESP"]

1. d4 Nf6 2. c4 c5 3. d5 b5 4. cxb5 a6 5. bxa6 g6 6. Nc3 Bxa6 7. Nf3 d6 8. g3
Bg7 9. Bg2 Nbd7 10. O-O O-O 11. Rb1 Qa5 12. Qc2 Ng4 13. b3 0-1

[Event "36 Open Internacional Ciudad de San Seba"]
[Site "Donostia-San Sebastian"]
[Date "2013.03.27"]
[Round "6"]
[White "Aranaz Murillo, Amalia"]
[Black "Peteiro Osta, Luis Angel"]
[Result "1-0"]
[WhiteElo "2275"]
[BlackElo "1914"]
[PlyCount "67"]
[EventDate "2013.03.23"]
[EventRounds "9"]
[EventCountry "ESP"]

1. Nf3 Nf6 2. c4 e6 3. g3 b6 4. Bg2 Bb7 5. O-O d5 6. cxd5 Nxd5 7. Nc3 Be7 8.
Re1 O-O 9. d4 Nxc3 10. bxc3 c5 11. e4 Na6 12. Bf4 Bf6 13. Qd3 Rc8 14. e5 Be7
15. Ng5 Bxg5 16. Bxb7 Nc7 17. Bxg5 Qxg5 18. Bxc8 Rxc8 19. dxc5 Nd5 20. cxb6
axb6 21. c4 Nb4 22. Qb3 Qe7 23. Rab1 Nc6 24. Qxb6 h5 25. h4 g5 26. hxg5 Qxg5
27. Qe3 Qg6 28. Qe4 Qg5 29. Qf4 Qxf4 30. gxf4 Nd4 31. Kg2 Rxc4 32. Re4 h4 33.
Rd1 h3+ 34. Kh1 1-0

[Event "36 Open Internacional Ciudad de San Seba"]
[Site "Donostia-San Sebastian"]
[Date "2013.03.27"]
[Round "6"]
[White "Fernandez Zubitur, Jokin"]
[Black "Prieto Martin, Alfonso"]
[Result "0-1"]
[WhiteElo "1966"]
[BlackElo "2181"]
[PlyCount "130"]
[EventDate "2013.03.23"]
[EventRounds "9"]
[EventCountry "ESP"]

1. e4 c5 2. Nc3 Nc6 3. g3 g6 4. Bg2 Bg7 5. d3 e6 6. f4 Nge7 7. Nf3 O-O 8. O-O
d5 9. Re1 Rb8 10. Ne2 b6 11. c3 dxe4 12. dxe4 Ba6 13. Be3 Na5 14. Qa4 Qe8 15.
Qc2 Qb5 16. Rad1 Rfd8 17. Bf1 Qc6 18. Nc1 Bb7 19. Bf2 Rxd1 20. Qxd1 f5 21. Bg2
Bf6 22. e5 Bg7 23. Qd6 Re8 24. Qxc6 Bxc6 25. b3 h6 26. Rd1 Nd5 27. c4 Nc3 28.
Rd3 Ne4 29. Nd2 Nxd2 30. Rxd2 Kf7 31. Ne2 Bxg2 32. Kxg2 Ke7 33. Nc3 Rd8 34.
Rxd8 Kxd8 35. Kf3 Kd7 36. Be1 Nc6 37. Ne2 Bf8 38. h3 a6 39. Ke3 Be7 40. Bc3 Bd8
41. g4 fxg4 42. hxg4 h5 43. gxh5 gxh5 44. Kf3 Ne7 45. Ng3 h4 46. Ne4 Nf5 47.
Kg4 Be7 48. Be1 b5 49. Bf2 Kc6 50. Ng5 Kd7 51. Ne4 Kc6 52. Ng5 bxc4 53. bxc4
Kd7 54. Bg1 Nd4 55. Bxd4 cxd4 56. Ne4 d3 57. Kf3 Bb4 58. Ke3 d2 59. Ke2 h3 60.
Nf2 h2 61. Kd1 Bc5 62. Nh1 Be3 63. f5 exf5 64. c5 f4 65. a4 a5 0-1

[Event "36 Open Internacional Ciudad de San Seba"]
[Site "Donostia-San Sebastian"]
[Date "2013.03.27"]
[Round "6"]
[White "Zendoia Solabarrieta, Ibon"]
[Black "Silva Rodriguez, Fernando"]
[Result "0-1"]
[WhiteElo "1908"]
[BlackElo "2175"]
[PlyCount "82"]
[EventDate "2013.03.23"]
[EventRounds "9"]
[EventCountry "ESP"]

1. e4 e5 2. Nf3 Nc6 3. Bc4 Bc5 4. d3 Nf6 5. O-O d6 6. h3 Be6 7. Bxe6 fxe6 8. c3
Bb6 9. b4 O-O 10. a4 a5 11. Qb3 Qd7 12. Re1 Nh5 13. b5 Ne7 14. d4 Ng6 15. Be3
Nhf4 16. dxe5 Nxh3+ 17. Kf1 dxe5 18. Rd1 Qf7 19. Bxb6 cxb6 20. Nbd2 Ng5 21. c4
Nh4 22. Qe3 Ngxf3 23. Nxf3 Nxf3 24. Qxf3 Qxf3 25. gxf3 Rfd8 26. Ke2 Kf7 27. Ke3
Rac8 28. Rxd8 Rxd8 29. Rc1 Ke7 30. f4 exf4+ 31. Kxf4 Rd2 32. Ke3 Ra2 33. c5
bxc5 34. Rxc5 Kd6 35. Rc4 Ra3+ 36. Ke2 e5 37. b6 h5 38. f3 h4 39. Rc7 h3 40.
Rxg7 h2 41. Rh7 Ra1 0-1

[Event "36 Open Internacional Ciudad de San Seba"]
[Site "Donostia-San Sebastian"]
[Date "2013.03.27"]
[Round "6"]
[White "Aranaz Portugues, Jose Carlos"]
[Black "Picazo Gonzalez, Alejandro"]
[Result "1-0"]
[WhiteElo "2164"]
[BlackElo "1993"]
[PlyCount "139"]
[EventDate "2013.03.23"]
[EventRounds "9"]
[EventCountry "ESP"]

1. d4 d5 2. c4 e6 3. Nc3 Be7 4. Bf4 Nf6 5. e3 O-O 6. Qc2 c5 7. Nf3 Nc6 8. a3
cxd4 9. exd4 dxc4 10. Rd1 Nd5 11. Bg3 Nxc3 12. bxc3 b5 13. a4 a6 14. Be2 Bb7
15. O-O Bf6 16. Rb1 Qd5 17. Rfd1 Ne7 18. Ne1 Qd7 19. Qb2 Bc6 20. Nc2 Nf5 21.
Ne3 Nxg3 22. hxg3 Be4 23. Nc2 h6 24. Bf3 Bxf3 25. gxf3 Rfb8 26. Na3 Qc6 27. Qe2
Qd6 28. Nc2 Ra7 29. Qe4 Rab7 30. a5 Rd7 31. Nb4 Rbd8 32. Re1 Be7 33. f4 Qc7 34.
Nc6 Rc8 35. Ne5 Rd5 36. f5 Rd6 37. fxe6 Rxe6 38. d5 Rd6 39. Nc6 Bf6 40. Re3 Qd7
41. Nb4 Qc7 42. Rbe1 Qxa5 43. Nc6 Qc7 44. Ra1 Qd7 45. Rxa6 Rxd5 46. Nb4 Re5 47.
Qf3 Rf5 48. Qg4 Rd8 49. Ra1 h5 50. Qh3 Re5 51. Qxd7 Rxd7 52. Ra8+ Kh7 53. Rf3
Rd1+ 54. Kg2 Rc1 55. Ra7 Kg6 56. Ra6 Ree1 57. Rf4 Rg1+ 58. Kh2 Rgd1 59. Rb6
Rxc3 60. Rxb5 Rb1 61. Rb6 Kh7 62. Nd5 Rcb3 63. Nxf6+ gxf6 64. Rbxf6 c3 65.
Rxf7+ Kg6 66. R4f6+ Kg5 67. Kh3 Rh1+ 68. Kg2 Rd1 69. g4 Kxg4 70. Rg7+ 1-0

[Event "36 Open Internacional Ciudad de San Seba"]
[Site "Donostia-San Sebastian"]
[Date "2013.03.27"]
[Round "6"]
[White "Guijarro Galan, Jose Luis"]
[Black "Izagirre Alsua, Aritz"]
[Result "1-0"]
[WhiteElo "2154"]
[BlackElo "1850"]
[PlyCount "91"]
[EventDate "2013.03.23"]
[EventRounds "9"]
[EventCountry "ESP"]

1. e4 c5 2. Nf3 a6 3. c3 d5 4. e5 d4 5. cxd4 cxd4 6. Bc4 e6 7. O-O Nc6 8. d3
Nge7 9. Bf4 Ng6 10. Bg3 Be7 11. Nbd2 O-O 12. a4 Kh8 13. Ne4 f5 14. exf6 gxf6
15. h4 Kg7 16. Re1 e5 17. h5 Nh8 18. Bh4 Bg4 19. Nxd4 Qd7 20. Nf3 Nf7 21. Ng3
Nh6 22. Kh2 Nd4 23. Re3 Bxf3 24. gxf3 Rac8 25. a5 f5 26. Rxe5 Bxh4 27. Rd5
Bxg3+ 28. fxg3 Nxf3+ 29. Qxf3 Qe8 30. Rd4 Ng4+ 31. Kg2 Rc7 32. h6+ Kxh6 33.
Qf4+ Kg6 34. Re4 Re7 35. Qd6+ Rf6 36. Qxe7 Qc6 37. Qe8+ Kg5 38. Qxc6 Rxc6 39.
Rxg4+ Kxg4 40. Re1 b5 41. axb6 Rxb6 42. b3 a5 43. Re7 a4 44. Rg7+ Kh5 45. bxa4
Kh6 46. Re7 1-0

[Event "36 Open Internacional Ciudad de San Seba"]
[Site "Donostia-San Sebastian"]
[Date "2013.03.27"]
[Round "6"]
[White "Pastor Pons, Pedro Maria"]
[Black "Martikorena Endara, Patxi"]
[Result "1-0"]
[WhiteElo "2141"]
[BlackElo "1635"]
[PlyCount "75"]
[EventDate "2013.03.23"]
[EventRounds "9"]
[EventCountry "ESP"]

1. e4 c5 2. Nf3 d6 3. d4 cxd4 4. Nxd4 Nf6 5. Nc3 a6 6. Bd3 e6 7. O-O Be7 8. Be3
O-O 9. a4 Nbd7 10. Nb3 b6 11. f4 Bb7 12. Qe2 Nc5 13. Nxc5 bxc5 14. e5 Nd5 15.
Nxd5 Bxd5 16. Bxa6 dxe5 17. Rad1 exf4 18. Bxf4 Qb6 19. Bb5 Bf6 20. c3 Rfd8 21.
Qf2 Bb3 22. Rxd8+ Rxd8 23. Be3 Rd5 24. g4 Qc7 25. c4 Rd3 26. Bxc5 Qxc5 27. Qxc5
Bd4+ 28. Qxd4 Rxd4 29. Rc1 Rd8 30. a5 Rc8 31. Kf2 Kf8 32. Ke3 Ke7 33. Kd4 Rd8+
34. Kc5 Bd1 35. Bc6 Be2 36. a6 Rc8 37. Kb6 Kd6 38. c5+ 1-0

[Event "36 Open Internacional Ciudad de San Seba"]
[Site "Donostia-San Sebastian"]
[Date "2013.03.27"]
[Round "6"]
[White "Nogues Fernandez, Ramon"]
[Black "Silva Rodriguez, Julio"]
[Result "0-1"]
[WhiteElo "1902"]
[BlackElo "2141"]
[PlyCount "74"]
[EventDate "2013.03.23"]
[EventRounds "9"]
[EventCountry "ESP"]

1. e4 e6 2. d4 d5 3. Nc3 Bb4 4. Nge2 Nf6 5. e5 Nfd7 6. a3 Be7 7. f4 c5 8. Be3
Nc6 9. dxc5 Bxc5 10. Bxc5 Nxc5 11. Nd4 O-O 12. Be2 Qb6 13. Nxc6 bxc6 14. Qd4
Qxb2 15. Rb1 Qxa3 16. O-O Nd7 17. Ra1 Qc5 18. Qxc5 Nxc5 19. Ra5 Nd7 20. Rfa1
Bb7 21. Rxa7 f6 22. exf6 gxf6 23. Kf2 Nc5 24. R1a5 Rxa7 25. Rxa7 Ra8 26. Rxa8+
Bxa8 27. Bf3 Kf7 28. Ke3 e5 29. Ne2 Ne6 30. Bg4 c5 31. g3 d4+ 32. Kd3 Bd5 33.
Bf5 c4+ 34. Kd2 c3+ 35. Ke1 h6 36. Kf2 Ng7 37. Bc8 Be4 0-1

[Event "36 Open Internacional Ciudad de San Seba"]
[Site "Donostia-San Sebastian"]
[Date "2013.03.27"]
[Round "6"]
[White "Gagarin, Vasily"]
[Black "Thomassen, Thomas"]
[Result "1/2-1/2"]
[WhiteElo "1838"]
[BlackElo "2080"]
[PlyCount "79"]
[EventDate "2013.03.23"]
[EventRounds "9"]
[EventCountry "ESP"]

1. d4 Nf6 2. Nf3 g6 3. Nbd2 d5 4. e3 Bg7 5. b4 O-O 6. Be2 Nbd7 7. c4 c6 8. O-O
e5 9. dxe5 Ng4 10. cxd5 cxd5 11. Nb3 Ngxe5 12. Nfd4 Nf6 13. Bb2 Nc4 14. Bxc4
dxc4 15. Nd2 Nd5 16. Nxc4 Nxb4 17. Ba3 a5 18. Qd2 b6 19. Rfd1 Bb7 20. f3 Re8
21. Bxb4 axb4 22. Qxb4 Qg5 23. Kh1 Rad8 24. Qxb6 Bd5 25. Qa5 Ra8 26. Qb5 Rab8
27. Qa5 h6 28. Rac1 Bxc4 29. Qxg5 hxg5 30. Rxc4 Rxe3 31. Nb3 Re2 32. Nc1 Rb1
33. Rg1 Rd2 34. Nb3 Rxg1+ 35. Kxg1 Rxa2 36. Nc5 Be5 37. g3 Bc7 38. Na4 Kg7 39.
Rxc7 Rxa4 40. Rc5 1/2-1/2

[Event "36 Open Internacional Ciudad de San Seba"]
[Site "Donostia-San Sebastian"]
[Date "2013.03.27"]
[Round "6"]
[White "Troffiguer, Olivier"]
[Black "Sierra Carranza, Sergio"]
[Result "1-0"]
[WhiteElo "2119"]
[BlackElo "1881"]
[PlyCount "61"]
[EventDate "2013.03.23"]
[EventRounds "9"]
[EventCountry "ESP"]

1. d4 Nf6 2. c4 e6 3. Nc3 Bb4 4. e3 c5 5. Nge2 Nc6 6. a3 Bxc3+ 7. Nxc3 cxd4 8.
exd4 h6 9. d5 exd5 10. cxd5 Ne7 11. Be2 Ng6 12. O-O O-O 13. Qd4 d6 14. Be3 Re8
15. Rac1 a6 16. Rfe1 Ne5 17. h3 Ned7 18. b4 Qe7 19. Bf4 Qf8 20. Bf3 Rxe1+ 21.
Rxe1 g5 22. Bh2 Ne8 23. Qe3 Ng7 24. Ne4 Nf5 25. Qd3 Ne5 26. Nf6+ Kh8 27. Rxe5
dxe5 28. Bxe5 Qe7 29. Bc3 Kg7 30. d6 Qd8 31. d7 1-0

[Event "36 Open Internacional Ciudad de San Seba"]
[Site "Donostia-San Sebastian"]
[Date "2013.03.27"]
[Round "6"]
[White "Martin-Consuegra Barrilero, Ja"]
[Black "Lakunza Oyarbide, Juan Carlos"]
[Result "0-1"]
[WhiteElo "1886"]
[BlackElo "2116"]
[PlyCount "100"]
[EventDate "2013.03.23"]
[EventRounds "9"]
[EventCountry "ESP"]

1. d4 Nf6 2. Bf4 g6 3. e3 Bg7 4. Be2 O-O 5. Nf3 d6 6. h3 b6 7. O-O Bb7 8. a4
Nbd7 9. Na3 Re8 10. c3 c5 11. Bh2 Qc8 12. Rc1 Bc6 13. b4 a6 14. Qb3 Qb7 15. b5
axb5 16. Nxb5 Ra5 17. Ra1 Rea8 18. Ra3 Ne8 19. Rfa1 d5 20. c4 e6 21. Ne1 cxd4
22. exd4 Bxb5 23. axb5 Bxd4 24. Rxa5 Bxa1 25. Rxa8 Qxa8 26. cxd5 Nc5 27. Qd1
exd5 28. Nc2 Bc3 29. Nd4 Qa1 30. Qxa1 Bxa1 31. Nf3 f6 32. Bb8 Kf7 33. Kf1 Ke6
34. Ne1 Be5 35. Bxe5 fxe5 36. f3 Kd6 37. Nc2 Nc7 38. Nb4 N5e6 39. Na6 Nf4 40.
Nxc7 Nxe2 41. Na8 Nc3 42. Nxb6 Kc7 43. Nxd5+ Nxd5 44. g3 Nc3 45. Kf2 Nxb5 46.
Ke3 Kd6 47. f4 Nc3 48. Kd3 exf4 49. gxf4 Nd5 50. Ke4 Ke6 0-1

[Event "36 Open Internacional Ciudad de San Seba"]
[Site "Donostia-San Sebastian"]
[Date "2013.03.27"]
[Round "6"]
[White "Berdote Alonso, Carlos"]
[Black "Savolainen, Lev P"]
[Result "1-0"]
[WhiteElo "1782"]
[BlackElo "2107"]
[PlyCount "71"]
[EventDate "2013.03.23"]
[EventRounds "9"]
[EventCountry "ESP"]

1. d4 e6 2. c4 d5 3. Nc3 Nf6 4. Nf3 Nbd7 5. Bf4 c6 6. e3 Be7 7. Bd3 Nh5 8. O-O
Nxf4 9. exf4 dxc4 10. Bxc4 O-O 11. Re1 b5 12. Bb3 Nf6 13. Ne5 Qb6 14. Qd3 Bb7
15. Rad1 Rad8 16. Qh3 Bc8 17. g4 c5 18. g5 Ne8 19. Bc2 g6 20. Qh6 Rxd4 21. Re3
Bxg5 22. fxg5 f6 23. Rh3 Qc7 24. Rxd4 cxd4 25. Nxb5 Qg7 26. Qxg7+ Kxg7 27.
gxf6+ Nxf6 28. Nxd4 Nd5 29. Rf3 Nf4 30. Bb3 Rf6 31. Ng4 Ne2+ 32. Kf1 Ba6 33.
Rxf6 Nxd4+ 34. Ke1 h5 35. Rf4 Nxb3 36. axb3 1-0

[Event "36 Open Internacional Ciudad de San Seba"]
[Site "Donostia-San Sebastian"]
[Date "2013.03.27"]
[Round "6"]
[White "Picazo Gonzalez, Ana"]
[Black "Miguelez Garcia, Erlantz"]
[Result "1-0"]
[WhiteElo "1762"]
[BlackElo "2033"]
[PlyCount "73"]
[EventDate "2013.03.23"]
[EventRounds "9"]
[EventCountry "ESP"]

1. d4 Nf6 2. c4 e6 3. Nc3 c5 4. d5 exd5 5. cxd5 d6 6. e4 g6 7. f4 Bg7 8. Nf3
O-O 9. Be2 Bg4 10. O-O Re8 11. h3 Bxf3 12. Bxf3 Na6 13. Be3 Nxe4 14. Nxe4 f5
15. Nxc5 Rxe3 16. Ne6 Qb6 17. Kh1 Bf6 18. Qd2 Rc8 19. Rac1 Rxc1 20. Qxc1 Rxe6
21. dxe6 Nc5 22. Qc4 Be7 23. b4 Qa6 24. Qc1 Ne4 25. Bxe4 fxe4 26. Qc8+ Kg7 27.
Rc1 d5 28. Qd7 Kf6 29. Qxd5 Qxe6 30. Qd4+ Kf7 31. Re1 Qxa2 32. Qxe4 Bh4 33.
Qxb7+ Kf8 34. Rc1 Be7 35. Qc8+ Kg7 36. Qd7 Kf7 37. Re1 1-0

[Event "36 Open Internacional Ciudad de San Seba"]
[Site "Donostia-San Sebastian"]
[Date "2013.03.27"]
[Round "6"]
[White "Ferreruela Romero, Jose Joaqui"]
[Black "Bello Castano, Diego"]
[Result "1-0"]
[WhiteElo "2022"]
[BlackElo "1839"]
[PlyCount "111"]
[EventDate "2013.03.23"]
[EventRounds "9"]
[EventCountry "ESP"]

1. d4 d5 2. c4 e6 3. Nc3 Nf6 4. cxd5 exd5 5. Bg5 c6 6. e3 Bd6 7. Bd3 O-O 8.
Nge2 Re8 9. Qc2 h6 10. Bh4 Nbd7 11. O-O-O b5 12. h3 Qa5 13. Kb1 Ba6 14. Bg3 Bf8
15. Nc1 Rac8 16. Nb3 Qb6 17. Bf5 g6 18. Bg4 Bb7 19. Qe2 a5 20. Rc1 a4 21. Nc5
Bxc5 22. dxc5 Qa5 23. Qc2 Ra8 24. Bxd7 Nxd7 25. Ne2 Ne5 26. Bxe5 Rxe5 27. Nf4
Kg7 28. h4 Bc8 29. Qc3 Bf5+ 30. Ka1 Qxc3 31. Rxc3 b4 32. Rcc1 h5 33. Ne2 b3 34.
Nd4 Ra6 35. Rc3 Be4 36. Rg1 Bf5 37. f3 Bc2 38. Rc1 Bf5 39. Nxf5+ Rxf5 40. axb3
axb3+ 41. Kb1 Ra4 42. Rxb3 Rxh4 43. Rb6 Rf6 44. b4 Rc4 45. Rxc4 dxc4 46. Kc2 h4
47. Kc3 h3 48. gxh3 Rxf3 49. Rxc6 Rxe3+ 50. Kxc4 f5 51. Rc7+ Kf6 52. c6 f4 53.
Rd7 Re1 54. Rd3 Ke6 55. b5 Rc1+ 56. Rc3 1-0

[Event "36 Open Internacional Ciudad de San Seba"]
[Site "Donostia-San Sebastian"]
[Date "2013.03.27"]
[Round "6"]
[White "Segovia Sanchez, Antonio"]
[Black "Espin Laborde, Jesus Maria"]
[Result "1-0"]
[WhiteElo "2018"]
[BlackElo "1742"]
[PlyCount "119"]
[EventDate "2013.03.23"]
[EventRounds "9"]
[EventCountry "ESP"]

1. d4 Nf6 2. Nf3 e6 3. g3 d5 4. c4 dxc4 5. Qa4+ Bd7 6. Qxc4 Bc6 7. Bg2 Qd5 8.
Qc2 Bb4+ 9. Bd2 Bxd2+ 10. Nbxd2 O-O 11. O-O Qd8 12. Rac1 Nbd7 13. Rfd1 Rc8 14.
Qb3 Nb6 15. Qd3 a6 16. e4 Bb5 17. Qe3 c6 18. Ne5 Nbd7 19. Nec4 Qe7 20. b3 c5
21. e5 Nd5 22. Bxd5 cxd4 23. Qxd4 exd5 24. Qxd5 Bc6 25. Qd6 Qe6 26. Qxe6 fxe6
27. Nd6 Rb8 28. Re1 g5 29. Rc4 Kg7 30. Rg4 Kh6 31. h4 gxh4 32. Rxh4+ Kg7 33. f4
Nc5 34. Re2 h6 35. Reh2 Rh8 36. Rg4+ Kf8 37. Rg6 Bd5 38. Rgxh6 Rxh6 39. Rxh6
Kg7 40. Rh2 a5 41. Kf2 b5 42. Ke3 Nb7 43. Nxb5 Rc8 44. Ne4 Rc1 45. Nbc3 Re1+
46. Kd4 Bc6 47. Nc5 Nxc5 48. Kxc5 Bf3 49. Kb5 Re3 50. Na4 Be4 51. Nc5 Bf5 52.
Kxa5 Rxg3 53. b4 Ra3+ 54. Kb6 Rf3 55. a4 Rxf4 56. b5 Rd4 57. a5 Rd5 58. a6 Rd8
59. a7 Re8 60. Ra2 1-0

[Event "36 Open Internacional Ciudad de San Seba"]
[Site "Donostia-San Sebastian"]
[Date "2013.03.27"]
[Round "6"]
[White "Ortega Lopez, Mikel"]
[Black "Velte, Daniela"]
[Result "1-0"]
[WhiteElo "2016"]
[BlackElo "1725"]
[PlyCount "40"]
[EventDate "2013.03.23"]
[EventRounds "9"]
[EventCountry "ESP"]

1. e4 d6 2. d4 Nf6 3. Nc3 g6 4. Bg5 Bg7 5. e5 dxe5 6. dxe5 Nfd7 7. f4 f6 8.
exf6 exf6 9. Bh4 Qe7+ 10. Be2 Qb4 11. Qd2 Nb6 12. O-O-O Nc6 13. a3 Qa5 14. Qe3+
Kf7 15. Bd3 Re8 16. Qf3 Nd4 17. Bxg6+ hxg6 18. Rxd4 f5 19. Rd3 Bxc3 20. Rxc3
Nc4 {Ilegible} 1-0

[Event "36 Open Internacional Ciudad de San Seba"]
[Site "Donostia-San Sebastian"]
[Date "2013.03.27"]
[Round "6"]
[White "Mendia Rezola, Jokin"]
[Black "Schuettler, Thomas"]
[Result "0-1"]
[WhiteElo "1708"]
[BlackElo "1993"]
[PlyCount "46"]
[EventDate "2013.03.23"]
[EventRounds "9"]
[EventCountry "ESP"]

1. e4 c5 2. Nf3 d6 3. c4 Bg4 4. Be2 Nc6 5. Nc3 g6 6. h3 Bxf3 7. Bxf3 Bg7 8. O-O
e6 9. d3 Nge7 10. Bf4 O-O 11. Rb1 Ne5 12. a3 N7c6 13. Be2 Qd7 14. Be3 Qe7 15.
Qd2 Nd4 16. Rfd1 Rfc8 17. Rf1 Nec6 18. f4 Nb3 19. Qe1 Ncd4 20. Bd1 Re8 21. Bf2
a6 22. g4 Qd7 23. Bxb3 Nf3+ 0-1

[Event "36 Open Internacional Ciudad de San Seba"]
[Site "Donostia-San Sebastian"]
[Date "2013.03.27"]
[Round "6"]
[White "Torres, Patrice"]
[Black "Vicente Ezeiza, Mikel"]
[Result "1-0"]
[WhiteElo "1975"]
[BlackElo "1701"]
[PlyCount "65"]
[EventDate "2013.03.23"]
[EventRounds "9"]
[EventCountry "ESP"]

1. d4 d5 2. c4 c6 3. Nf3 Nf6 4. Nc3 g6 5. e3 Bg7 6. h3 O-O 7. Qb3 a6 8. a4 a5
9. Bd2 Na6 10. cxd5 cxd5 11. Be2 Qd6 12. O-O Bd7 13. Rfc1 Rfc8 14. Ne5 Be8 15.
Nd3 Ne4 16. Be1 Bd7 17. Nxd5 Be6 18. N3f4 Bxd4 19. Rxc8+ Rxc8 20. Nxe6 fxe6 21.
Qxb7 Rb8 22. Nxe7+ Kf8 23. Nxg6+ hxg6 24. Qxe4 Bxb2 25. Rb1 Nc5 26. Qxg6 Nxa4
27. Qh6+ Bg7 28. Rxb8+ Qxb8 29. Qxe6 Qb1 30. Qd6+ Kg8 31. Bc4+ Kh8 32. Qd8+ Kh7
33. Bd3+ 1-0

[Event "36 Open Internacional Ciudad de San Seba"]
[Site "Donostia-San Sebastian"]
[Date "2013.03.27"]
[Round "6"]
[White "Buiza Prieto, Eihartze"]
[Black "Oliveira, Maria Ines"]
[Result "0-1"]
[WhiteElo "1690"]
[BlackElo "1957"]
[PlyCount "32"]
[EventDate "2013.03.23"]
[EventRounds "9"]
[EventCountry "ESP"]

1. e4 c5 2. b3 e6 3. Bb2 d5 4. Bb5+ Nc6 5. Bxc6+ bxc6 6. e5 Ba6 7. d3 c4 8.
dxc4 Qg5 9. Nf3 Qxg2 10. Rg1 Qh3 11. cxd5 exd5 12. Nc3 Ne7 13. Rg3 Qf1+ 14. Kd2
Qxf2+ 15. Kc1 Nf5 16. Rg1 Ne3 0-1

[Event "36 Open Internacional Ciudad de San Seba"]
[Site "Donostia-San Sebastian"]
[Date "2013.03.28"]
[Round "7"]
[White "Vazquez Igarza, Renier"]
[Black "Thomassen, Joachim"]
[Result "1-0"]
[WhiteElo "2557"]
[BlackElo "2394"]
[PlyCount "67"]
[EventDate "2013.03.23"]
[EventRounds "9"]
[EventCountry "ESP"]

1. Nf3 Nf6 2. c4 g6 3. Nc3 Bg7 4. d4 O-O 5. Bf4 d6 6. e3 Nfd7 7. Be2 e5 8. Bg3
Nc6 9. O-O Re8 10. h3 exd4 11. exd4 Nb6 12. Re1 Bf5 13. Qd2 Be4 14. Nxe4 Rxe4
15. Bf1 d5 16. c5 Nd7 17. Bd3 Rxe1+ 18. Rxe1 Nxd4 19. Nxd4 Bxd4 20. Bxg6 Qf6
21. Bb1 Nxc5 22. Bxc7 Ne6 23. Bg3 Rc8 24. Qd3 Qg6 25. Qf3 Qg5 26. Kh2 Bxb2 27.
h4 Qf6 28. Qxd5 Bd4 29. Re4 Rd8 30. Rg4+ Ng7 31. Qe4 h6 32. Bc7 Rc8 33. Qh7+
Kf8 34. Qh8+ 1-0

[Event "36 Open Internacional Ciudad de San Seba"]
[Site "Donostia-San Sebastian"]
[Date "2013.03.28"]
[Round "7"]
[White "Vocaturo, Daniele"]
[Black "Alonso Rosell, Alvar"]
[Result "1-0"]
[WhiteElo "2511"]
[BlackElo "2552"]
[PlyCount "83"]
[EventDate "2013.03.23"]
[EventRounds "9"]
[EventCountry "ESP"]

1. e4 c5 2. Nf3 d6 3. d4 cxd4 4. Nxd4 Nf6 5. Nc3 a6 6. Be3 Ng4 7. Bg5 h6 8. Bh4
g5 9. Bg3 Bg7 10. h3 Ne5 11. f3 Nbc6 12. Bf2 Ng6 13. Nd5 O-O 14. Qd2 Rb8 15.
O-O-O e6 16. Nc3 Na5 17. Nb3 Nxb3+ 18. axb3 Qa5 19. Kb1 Rd8 20. Ba7 Ra8 21. Qf2
Qe5 22. Bd4 Qf4 23. Bb6 Rd7 24. Na4 d5 25. g3 Qf6 26. exd5 Rxd5 27. Bc4 Rd7 28.
h4 Ne5 29. hxg5 hxg5 30. f4 Nxc4 31. bxc4 e5 32. f5 g4 33. Rdf1 Rd6 34. Bc5 Rc6
35. Ba3 Qd8 36. Nc3 Rf6 37. Rd1 Qe8 38. Ne4 Bd7 39. Nxf6+ Bxf6 40. Qh2 Bxf5 41.
Qf2 Qe6 42. Rd6 1-0

[Event "36 Open Internacional Ciudad de San Seba"]
[Site "Donostia-San Sebastian"]
[Date "2013.03.28"]
[Round "7"]
[White "Guerra Bastida, Diego"]
[Black "Andres Gonzalez, Alberto"]
[Result "1/2-1/2"]
[WhiteElo "2401"]
[BlackElo "2542"]
[PlyCount "102"]
[EventDate "2013.03.23"]
[EventRounds "9"]
[EventCountry "ESP"]

1. e4 c5 2. Nf3 d6 3. d4 cxd4 4. Nxd4 Nf6 5. Nc3 a6 6. h3 e6 7. g4 d5 8. exd5
Nxd5 9. Nde2 Bb4 10. Bg2 O-O 11. O-O Nxc3 12. bxc3 Bd6 13. Ng3 Qc7 14. Ne4 Be7
15. g5 Bd7 16. Qg4 Bc6 17. Bf4 e5 18. Be3 Nd7 19. Qf5 Rad8 20. Rab1 b5 21. Rfd1
g6 22. Qg4 Nb6 23. Nf6+ Bxf6 24. gxf6 Bxg2 25. Qxg2 Nc4 26. Qg5 Qc6 27. Bc5 h6
28. Qxh6 Qxf6 29. Bxf8 Rxf8 30. Rd3 Re8 31. Rg3 e4 32. Re1 Re6 33. Kg2 Nd6 34.
Qg5 Kg7 35. Qxf6+ Kxf6 36. Rge3 Ke5 37. f3 f5 38. fxe4 Nxe4 39. Kf3 Rc6 40. Rd3
Rc4 41. h4 Ra4 42. Rg1 Rxa2 43. Rxg6 Rxc2 44. Rg2 Rc1 45. Rh2 Rg1 46. h5 Rg3+
47. Ke2 Nxc3+ 48. Kd2 Nb1+ 49. Ke2 Nc3+ 50. Kd2 Nb1+ 51. Ke2 Nc3+ 1/2-1/2

[Event "36 Open Internacional Ciudad de San Seba"]
[Site "Donostia-San Sebastian"]
[Date "2013.03.28"]
[Round "7"]
[White "Velten, Paul"]
[Black "Alsina Leal, Daniel"]
[Result "1/2-1/2"]
[WhiteElo "2385"]
[BlackElo "2518"]
[PlyCount "73"]
[EventDate "2013.03.23"]
[EventRounds "9"]
[EventCountry "ESP"]

1. d4 d5 2. Nf3 Nf6 3. c4 c6 4. Nc3 e6 5. Bg5 h6 6. Bxf6 Qxf6 7. g3 Nd7 8. Bg2
dxc4 9. O-O g6 10. e3 Bg7 11. Nd2 Nb6 12. f4 Qe7 13. Nce4 O-O 14. Qe2 c5 15.
dxc5 Na4 16. Nxc4 Nxc5 17. Nxc5 Qxc5 18. Rfd1 Qe7 19. Rac1 e5 20. Nxe5 Bxe5 21.
fxe5 Qxe5 22. Rd5 Qf6 23. Rb5 Qa6 24. Qc4 Be6 25. Qb4 Rac8 26. Rxc8 Rxc8 27.
Bxb7 Rc1+ 28. Kf2 Rc2+ 29. Kf3 Qxa2 30. Be4 Bg4+ 31. Kxg4 Qe6+ 32. Kf3 Qf6+ 33.
Rf5 gxf5 34. Bxc2 Qc6+ 35. Be4 fxe4+ 36. Qxe4 Qf6+ 37. Kg4 1/2-1/2

[Event "36 Open Internacional Ciudad de San Seba"]
[Site "Donostia-San Sebastian"]
[Date "2013.03.28"]
[Round "7"]
[White "Bas Mas, Jose Joaquin"]
[Black "Osmolny, Vladimir I"]
[Result "1-0"]
[WhiteElo "2258"]
[BlackElo "2180"]
[PlyCount "83"]
[EventDate "2013.03.23"]
[EventRounds "9"]
[EventCountry "ESP"]

1. e4 c5 2. Nf3 d6 3. d4 Nf6 4. Nc3 cxd4 5. Nxd4 a6 6. h3 g6 7. g4 h6 8. Bg2
Bg7 9. O-O Bd7 10. Be3 Nc6 11. Qd2 Rc8 12. Nde2 b5 13. Rad1 Qc7 14. b3 Nd8 15.
Rc1 e6 16. f4 O-O 17. e5 b4 18. exf6 bxc3 19. Qd4 Bh8 20. Rfd1 Bb5 21. Ng3 d5
22. a4 Bd7 23. Qe5 Qa5 24. Qd6 Bxa4 25. Bb6 Qb5 26. bxa4 Qb2 27. Bxd8 Rfxd8 28.
Qe5 Rc4 29. g5 Qb4 30. Ne2 Qxa4 31. Rd4 Rdc8 32. Rxc4 Qxc4 33. Rb1 Qc5+ 34. Nd4
hxg5 35. fxg5 Qa7 36. Kh1 Kh7 37. Rb4 a5 38. Ra4 Rc4 39. Rxc4 dxc4 40. Nc6 Qd7
41. Qd4 Qc7 42. Qh4+ 1-0